Statistics for Fictional Characters by Letter - R

Click here to take the quiz!

General Stats

  • This quiz has been taken 32,585 times
  • The average score is 12 of 18

Answer Stats

Hint Character % Correct
The red-nosed reindeerRudolph
95%
Her hair is a ladderRapunzel
87%
Wherefore art thou?Romeo
84%
Cyborg cop of DetroitRoboCop
79%
Ross's on-again, off-again girlfriendRachel Green
78%
Fought Apollo CreedRocky Balboa
77%
Leader of the Merry MenRobin Hood
77%
Wile E. Coyote's quarryRoadrunner
74%
Batman villain portrayed by Jim CarreyRiddler
73%
The AnchormanRon Burgundy
69%
One of the droids you're not looking forR2-D2
66%
Big Bang Theory character
who can't talk around women
Raj Koothrappali
61%
You have three days
to guess his name, or else
Rumpelstiltskin
50%
Frankly, my dear, he doesn't give a damnRhett Butler
40%
Lisa choo-choo-chose himRalph Wiggum
40%
Casablanca bar ownerRick Blaine
37%
Teaches a class on Magical CreaturesRubeus Hagrid
36%
French rat who only wants to cookRemy
32%

Score Distribution

Percentile by Number Answered

Percent of People with Each Score

Your Score History

You have not taken this quiz